| 000 | 01317nam0a2200349 4500 | ||
|---|---|---|---|
| 001 | RU\NLR\bibl\1779593 | ||
| 005 | 20260409075111.0 | ||
| 010 |
_a978-5-9968-0084-1 _97000 |
||
| 021 |
_aRU _b2011-37152 _92649 |
||
| 035 | _a(NLR Aleph) 001770350 | ||
| 090 |
_a1633937 _c1633937 |
||
| 100 | _a20110614d2011 u y0rusy50 ca | ||
| 101 | 0 | _arus | |
| 102 | _aRU | ||
| 105 | _ay ||||||||| | ||
| 200 | 1 |
_aЗаповедь благого Учителя _eпо творениям блаженного Августина _e[избранные высказывания] |
|
| 210 |
_aМосква _cБлаговест _d2011 |
||
| 215 |
_a158, [1] c. _d17 |
||
| 225 | 1 | _aСвятые отцы о христианской любви | |
| 320 | _aБиблиогр.: с. 157-158 | ||
| 606 | 1 |
_aДуховно-нравственное чтение _92074545 _3RU\NLR\auth\661249549 |
|
| 606 |
_aЛюбовь (религ.) _3RU\NLR\auth\661390813 _92325148 |
||
| 686 | _aЭ372.24-681.2 | ||
| 700 | 0 |
_4070 _8rus _7ca _aАвгустин Аврелий _cепископ Гиппонийский _f354-430 _3RU\NLR\AUTH\773342 _9113342 |
|
| 801 | 0 |
_aRU _bNLR _c20110614 _gRCR |
|
| 801 | 1 |
_aRU _bNLR _c20110614 |
|
| 942 | _cBOOK | ||
| 980 | _aNB | ||
| 980 | _aNBR | ||